| 000 | 00833nam a22002175i 4500 | ||
|---|---|---|---|
| 001 | 160823 | ||
| 003 | ES-MaACL | ||
| 005 | 20251013220208.0 | ||
| 008 | 041006s1870 fr |||| | fre d | ||
| 040 |
_aCAM _bspa _cCAM |
||
| 100 | 1 |
_aNuitter, Charles. _9130548 |
|
| 245 | 1 | 3 |
_aLa princesse de Trébizonde _b: opéra-bouffe en trois actes / _cparoles de Ch. Nuitter et Ét. Tréfeu ; musique de Jacques Offenbach. |
| 250 | _a2e éd. | ||
| 260 |
_aParis : _bMichel Levy Frères, _c1870 ( _fImpr. M. Loignon) |
||
| 300 |
_a88 p. ; _c19 cm. |
||
| 500 | _aSolo el texto. | ||
| 700 | 1 |
_aTréfeu, Etienne, _d1821-1903 _9148062 |
|
| 700 | 0 |
_aOffenbach, Jacques. _986559 |
|
| 852 |
_aES-MaACL _jD-692(9) _z-- Enc. hol. conservando la cub. original _z-- Enc. en un vol. facticio _z.- Legado M. de la Fuente |
||
| 999 |
_c160823 _d160823 |
||